000 00662nam a2200289Ia 4500
005 20260324141447.0
008 008 260324s9999 xx 000 0 eng d
020 _a9780429052828
037 _aEBOOK
040 _aCRL
040 _beng
040 _cCRL
041 _2eng
041 _aeng
084 _qCRL
100 _aSiri Gloppen
_91208265
245 0 _aSouth Africa
245 4 _bThe Battle over the Constitution
260 _bTaylor and Francis
260 _c1997
365 _a
365 _b205
856 _uhttp://www.taylorfrancis.com/books/9780429052828
942 _cEBOOK
999 _c1811393
_d1811393